Indian dress : (Record no. 123801)

MARC details
000 -LEADER
fixed length control field 00637nam a22002177a 4500
005 - DATE AND TIME OF LATEST TRANSACTION
control field 20170124105930.0
010 ## - LIBRARY OF CONGRESS CONTROL NUMBER
LC control number A-706666
020 ## - INTERNATIONAL STANDARD BOOK NUMBER
Terms of availability 00.00
037 ## - SOURCE OF ACQUISITION
Source of stock number/acquisition Cen Lib/Ret
040 ## - CATALOGING SOURCE
Original cataloging agency DPL
Language of cataloging EN
082 ## - DEWEY DECIMAL CLASSIFICATION NUMBER
Classification number 391.00954
Item number FAB
100 ## - MAIN ENTRY--PERSONAL NAME
Personal name Fabri, Charles
9 (RLIN) 8083
245 ## - TITLE STATEMENT
Title Indian dress :
Statement of responsibility, etc by Charles Fabri
Remainder of title a brief history /
260 ## - PUBLICATION, DISTRIBUTION, ETC. (IMPRINT)
Place of publication, distribution, etc New Delhi
Name of publisher, distributor, etc Disha Books
Date of publication, distribution, etc 1994
270 ## - ADDRESS
Address A-102/1 Okhla Industrial Area Phase II
City New Delhi
Postal code 110020
300 ## - PHYSICAL DESCRIPTION
Extent 104p.
Dimensions 21cm(Hb)
500 ## - GENERAL NOTE
General note includes index
650 ## - SUBJECT ADDED ENTRY--TOPICAL TERM
Topical term or geographic name as entry element Clothing and dress
9 (RLIN) 25364
650 ## - SUBJECT ADDED ENTRY--TOPICAL TERM
Topical term or geographic name as entry element Costume
9 (RLIN) 8085
942 ## - ADDED ENTRY ELEMENTS (KOHA)
Source of classification or shelving scheme Dewey Decimal Classification
Koha item type English Books
Classification part 391.00954
Call number suffix FAB
Holdings
Withdrawn status Lost status Damaged status Not for loan Home library Current library Date acquired Source of acquisition Cost, normal purchase price Total Checkouts Full call number Barcode Date last seen Copy number Cost, replacement price Price effective from Koha item type
        Central Library Central Library 12/06/2015 Cen Lib/Ret 0.00   391.00954 FAB A-706666 12/06/2015 1 0.00 12/06/2015 English Books

© Delhi Public Library
Hit Counter
free hit counter